[Event "Morava-ch U14"]
[Site "Havirov"]
[Date "2008.10.25"]
[Round "1"]
[White "Pfeffer, Dominik"]
[Black "Lessy, Tomas"]
[Result "1/2-1/2"]
[WhiteElo "1757"]
[BlackElo "1359"]
[PlyCount "96"]
[EventDate "2008.10.25"]
[EventType "swiss"]
[EventRounds "9"]
[EventCountry "CZE"]
[SourceTitle "EXT 2009"]
[Source "ChessBase"]
[SourceDate "2008.11.26"]
[SourceVersion "1"]
[SourceVersionDate "2008.11.26"]
[SourceQuality "1"]

1. e4 e5 2. Nf3 Nc6 3. Bc4 Bc5 4. c3 Nf6 5. d4 exd4 6. e5 Ng8 7. 0-0 Nge7 8. cxd4 Bb6 9. Ng5 Rf8 10. Qb3 d5 11. exd6 Qxd6 12. Bxf7+ Kd8 13. Be3 Na5 14. Qc3 h6 15. Ne4 Qc6 16. Qxc6 Naxc6 17. Bb3 Bf5 18. Nbc3 Kd7 19. Ba4 Rad8 20. Bxc6+ Nxc6 21. Nc5+ Bxc5 22. dxc5 Kc8 23. a3 Rd7 24. Rad1 Rfd8 25. f4 Na5 26. Rxd7 Rxd7 27. Kf2 c6 28. Rd1 Nc4 29. Bc1 b6 30. cxb6 axb6 31. Rxd7 Kxd7 32. Kf3 Ke6 33. g4 Bc2 34. h4 Na5 35. Be3 b5 36. Bd4 g6 37. Bg7 h5 38. gxh5 gxh5 39. Ne4 Nc4 40. Ng3 Bg6 41. Bc3 Nd6 42. Ke3 Nf5+ 43. Nxf5 Bxf5 44. Kd4 Kd6 45. Bb4+ Ke6 46. Kc5 Kd7 47. Bc3 Bg6 48. b3 Bc2 1/2-1/2